00699nam a2200169 a 450000100100000000500170001000800410002704000250006808200140009324501550010726000420026230000280030470000300033270000380036295201120040099900170051200003720620200930080216.0120305s1968 cl a 000 0 spa d aDO-SdBNPbspacBNPHU axxxxbE8200aEstrellas y nubes en la vía léctea. :bestructura y movimiento de nuestra galaxia /ctraducción Eduardo Goligorsky ; prefacio Lou Williams Page. aSantiago de Chile, :bPomaire,c1968. a377 p. :bil. ;c22 cm.1 aWilliams Page, Lou9636211 aGoligorsky, Eduardoetrad.910661 001050718MOaGRbGRcCTd2012-03-05iLF1l0oxxxx E82p37206-10r2020-06-25w2020-06-25y1ZNo se presta c36696d36696